| 000 | 00843nam a22002657a 4500 | ||
|---|---|---|---|
| 001 | 4095 | ||
| 003 | FISKH | ||
| 005 | 20240606144625.0 | ||
| 008 | 240606b cb ||||| |||| 00| 0 eng d | ||
| 020 | _a9780531187319 | ||
| 040 |
_aFISKH _beng _cFISKH _dFISKH |
||
| 050 | _aQA76.A25 | ||
| 082 | _a005.8 | ||
| 100 |
_aNewman Matthew _d1994- |
||
| 245 |
_aYou have mail / _bTrue stories of cybercrime _cby Matthew Newman |
||
| 260 |
_aNew York : _bScholastic, _c2008 |
||
| 300 |
_a64 pages : _bcolor illustratoin ; _c24 cm |
||
| 505 | _aM | ||
| 520 | _aSpy Files examines the science and technology behind the fascinating world of espionage, from mini-spy planes to spy animals, and more. | ||
| 521 | 8 |
_a790
_bLexile |
|
| 521 | 8 |
_aM
_bRaz-Plus |
|
| 700 | _aMatthew Newman | ||
| 942 |
_2ddc _cBK _n0 |
||
| 999 |
_c4095 _d4095 |
||